000 00396nam a2200145Ia 4500
008 231129s2017||||xx |||||||||||||| ||spa||
020 _a978-958-8948-97-3
040 _bspa
082 _aCo863 E77an
100 _aEsquivel Gloria Susana
245 0 _aAnimales del fin del mundo
260 _c2017
264 _aBogotá Colombia : Alfaguara
942 _2ddc
_cBKS
999 _c5185
_d5185